[Event "George Marx Memorial 2nd"]
[Site "Paks"]
[Date "2004.06.08"]
[Round "4"]
[White "Acs, Peter"]
[Black "Kortschnoj, Viktor Lvovich"]
[Result "0-1"]
[WhiteElo "2548"]
[BlackElo "2579"]
[Annotator "Kortschnoj,V"]
[PlyCount "122"]
[EventDate "2004.05.05"]
[EventType "tourn"]
[EventRounds "10"]
[EventCountry "HUN"]
[EventCategory "14"]
[SourceTitle "CBM 102"]
[Source "ChessBase"]
[SourceDate "2004.09.23"]
[SourceVersion "1"]
[SourceVersionDate "2004.09.23"]
[SourceQuality "1"]

1. d4 {Huzman} d5 2. c4 dxc4 3. Nf3 e6 4. e3 c5 5. Bxc4 Nf6 6. O-O a6 7. Bb3
Nc6 8. Qe2 cxd4 9. Rd1 Be7 10. Nc3 O-O 11. exd4 Na5 12. Bc2 (12. d5 Nxb3 13.
dxe6 Nxc1 (13... Qb6 14. exf7+ Rxf7 15. axb3 Qxb3 $11 16. Ng5 Bg4 17. f3 Bc5+
$15) 14. exf7+ Kh8 15. Raxc1 Bd6 $13) 12... b5 13. Ne4 (13. a4 $1 {Huzman} b4
$6 14. Ne4 Bb7 15. Nc5 Bd5 16. Ne5 Ra7 $2 17. Bg5 $1 g6 $8 18. Qe1 $6 {1-0
Zvjaginsev,V-Magem Badals,J/Pamplona 1995/Inf 65/[Zvjaginsev,V] (28)} (18. Nxa6
$1)) 13... Bb7 14. Nc5 Bd5 (14... Bxf3 $5 {Huzman} 15. Qxf3 Qd5 $11) 15. Ne5
Nc6 (15... Nc4 {Huzman} 16. Ned3 $1 Qb6 (16... Nd7 17. b3 Ncb6 18. Be3 Bg5 19.
Nf4 (19. Nb4 $5) 19... Ra7 $1 20. Rac1 $14 {1-0 Sokolov,I-Volzhin,A/Koge 1997/
Inf 71/[Sokolov,I] (33)}) 17. Bg5 Rad8 18. Ne5 Qa7 19. b3 Na3 20. Bd3 Ba8 21.
Qe3 Rd6 22. Re1 g6 23. Bh6 Rfd8 24. Rac1 b4 25. Nxf7 $1 $40 {1/2-1/2 Tkachiev,
V-Magem Badals,J/Las Vegas 1999/CBM 72/[Huzman] (38)}) 16. Bg5 ({The immediate
} 16. Nxe6 fxe6 17. Nxc6 Bxc6 18. Qxe6+ Kh8 19. Qxc6 {would not work out, due
to} Rc8 {But after the text Bxf6 Bxf6 Nxe6 threatens in earnest.}) (16. Be3 {
Huzman} Qc7 17. Ng4 Nxg4 18. Qxg4 f5 19. Qg3 Qxg3 20. hxg3 Rfc8 $15) 16... Rc8
(16... Nxe5 {had been played. After} 17. dxe5 Nd7 18. Nxd7 Qxd7 19. Bf6 {
the black position was hard to defend. The move in the text gives up a pawn.})
(16... Nxd4 $145 $1 17. Rxd4 Bxc5 18. Bxh7+ Kxh7 19. Qc2+ Kg8 20. Qxc5 {
+/- (old theory)} Ne4 $1 21. Bxd8 Nxc5 $11) ({Perhaps, a cold-blooded 16...
move was stronger - after} 16... Z0 17. Bxf6 Bxf6 18. Nxe6 (18. Nxc6 Bxc6 19.
Nxe6 Qd5 20. Nf4 Qd6) 18... Bxe6 19. Nxc6 Qd6 20. Be4 Bd5 21. Ne5 Rfe8 {
white would have difficulties to convert his advantave into a full point.}) 17.
Nxc6 $2 {White had to grab the pawn.} ({After Huzman: It is interesting what
Black prepared after the obvious move} 17. Nxa6 {'!?' Huzman.} Nxe5 ({A tricky
move} 17... Qd6 {allegedly with the threat Nd4 does not work as well:} 18. a4
Nxd4 (18... bxa4 {is a lesser evil.}) 19. Rxd4 Qxa6 20. Bxh7+ (20. Ng4 $1 $40 {
Huzman}) 20... Kxh7 21. Rh4+ Kg8 22. Qd3 {and then eventually Qh3, winning.}) (
17... Qb6 {Huzman} 18. Bxf6 $1 Bxf6 (18... gxf6 19. Bxh7+ $1 $18) 19. Nd7 $16)
(17... h6 {Huzman} 18. Nxc6 Rxc6 (18... Bxc6 19. Bxf6 Bxf6 20. Nc5 $16) 19.
Bxf6 Bxf6 20. Nb4 Rd6 21. Qxb5 Ba8 22. d5 Bxb2 23. Rab1 Qf6 $44) 18. dxe5 Nd7
19. Bxe7 Qxe7 20. Be4 {suggested by Hungarian players, black hardly has any
compensation for the lost pawn.}) 17... Rxc6 18. b4 (18. Qd3 $5 {Huzman} g6 (
18... Bc4 19. Qg3 $36) 19. b4 Bc4 20. Qh3 $13) 18... Bc4 19. Qf3 Nd5 (19... Qd5
{Huzman} 20. Qe3 $14) 20. Bxe7 {A standard way to play is 20.Qe4 g6 21.Bh6,
but it seems, that my opponent played this position the very first time in his
life.} (20. Qe4 {Huzman} g6 (20... f5 $5 21. Bxe7 Qxe7 22. Qe1 Nf4 $132 {
[%cal Ye7g5]}) 21. Bh6 Re8 $11) 20... Qxe7 21. a3 Rd6 22. Ne4 Rd7 23. Nc5 Rd6
24. Ne4 Rd7 25. Nc5 {Obviously, my partner does not like his position any more
and wants to make a draw now by repetition of moves. Although in fact white
has a very slight edge...} Ra7 {It is a concession - the rook stands better in
the centre. But, well, regarding a psychology - since he does not like to play
this position - I have to go on!} 26. Nb3 {Prevents a6-a5. The move was not
expected by me, but it is not bad. The position is still about equal.} Qg5 {
To regroupe, to activate his pieces, threatening to exchange the queens! (If
that is really a threat)} 27. Re1 Qf4 28. Qh3 h6 29. Re4 Qf6 30. Nc5 Rd8 {
The first reminder on volnerability of the pawn d4: Nd5-f4 threatens to
eliminate it!} 31. Qg3 Ne7 32. Rd1 (32. Rf4 Nf5 33. Bxf5 exf5 34. Re1 {was a
reasonable alternative.} (34. Rd1 g5 $1 $17)) 32... Nf5 33. Qf4 Bd5 {After all,
black is playing for a win -} (33... Nd6 34. Qxf6 gxf6 35. Rg4+ Kf8 36. Rh4 {
would lead to a draw.}) 34. Re2 Nd6 35. Qg3 a5 36. h4 {Perhaps, 36.h3 was more
prudent.} axb4 37. axb4 Kf8 {A double-edged move. It was appreciated by
watching the game Hungarian players, but is is not yet the endgame...} 38. h5
Ra2 {There is a threat - Qg5!} 39. Bd3 Ra3 40. Re3 $2 {In a severe time
trouble white leaves his pawn unprotected.} ({After} 40. Qe5 Qh4 {black still
had rather marginal advantage.}) 40... Qxd4 $17 41. Rb1 Ra1 42. Ree1 Rxb1 43.
Rxb1 Ke7 44. Bf1 Ra8 45. Nd3 Ra3 46. Rc1 Bc4 47. Ne5 {White is forced to play
this nice way, because after} (47. Rd1 Bxd3 48. Bxd3 (48. Rxd3 Rxd3 49. Bxd3
Qxb4 50. Qxg7 Qd2 51. Bf1 (51. Qd4 Qd1+) 51... b4) 48... Qxb4 49. Qxg7 Rxd3 50.
Rxd3 Qb1+ {he is simply dead lost.}) 47... Rxg3 48. Nc6+ Kf6 49. Nxd4 Rg5 50.
Bxc4 bxc4 51. f3 Rxh5 52. Kf2 Rd5 53. Ke3 e5 54. Nc6 Ke6 55. g4 Rb5 $19 56. f4
f6 57. fxe5 fxe5 58. Rb1 Kd7 59. Na5 Kc7 60. Kd2 Rd5+ 61. Kc2 Kb6 0-1

[Event "George Marx Memorial 2nd"]
[Site "Paks"]
[Date "2004.06.12"]
[Round "7"]
[White "Nevednichy, Vladislav"]
[Black "Kortschnoj, Viktor Lvovich"]
[Result "0-1"]
[WhiteElo "2544"]
[BlackElo "2579"]
[PlyCount "122"]
[EventDate "2004.05.05"]
[EventType "tourn"]
[EventRounds "10"]
[EventCountry "HUN"]
[EventCategory "14"]
[SourceTitle "CBM 102"]
[Source "ChessBase"]
[SourceDate "2004.09.23"]
[SourceVersion "1"]
[SourceVersionDate "2004.09.23"]
[SourceQuality "1"]

1. e4 e6 2. d4 d5 3. Nd2 c5 4. exd5 exd5 5. Bb5+ Bd7 6. Bxd7+ Qxd7 7. Qe2+ Be7
8. dxc5 Nf6 9. Nb3 O-O 10. Be3 Re8 11. Nf3 a5 12. a4 Na6 13. O-O Nxc5 14. Bxc5
Bxc5 15. Nxc5 Rxe2 16. Nxd7 Nxd7 17. Nd4 Re4 18. Rfd1 g6 19. f3 Re5 20. Rd2 Nc5
21. Kf2 Rc8 22. Nb5 Ne6 23. Nd6 Rc6 24. Nxb7 d4 25. Re1 Rd5 26. b3 Rc3 27. Re4
Kf8 28. f4 d3 29. Rxd3 Rxc2+ 30. Ke3 Rh5 31. Rd2 Rc7 32. Nd6 Rc3+ 33. Kf2 Rxb3
34. h3 Rc5 35. Nxf7 Kxf7 36. Rd7+ Kf6 37. Rd6 Rc2+ 38. Kg1 Rb1+ 39. Kh2 Rbb2
40. Rdxe6+ Kg7 41. Re7+ Kh6 42. Kg3 Rxg2+ 43. Kf3 Rh2 44. Re3 Rxh3+ 45. Kg4
Rxe3 46. Rxe3 Rb4 47. Rh3+ Kg7 48. Rc3 Rxa4 49. Rc7+ Kh6 50. Ra7 Ra3 51. Kh4 a4
52. Kg4 Ra1 53. Kh4 a3 54. Kg3 g5 55. fxg5+ Kxg5 56. Kg2 Kf4 57. Rf7+ Ke4 58.
Re7+ Kd4 59. Rd7+ Kc3 60. Rc7+ Kb2 61. Rxh7 Rb1 0-1

[Event "George Marx Memorial 2nd"]
[Site "Paks"]
[Date "2004.06.14"]
[Round "9"]
[White "Kortschnoj, Viktor Lvovich"]
[Black "Acs, Peter"]
[Result "1-0"]
[WhiteElo "2579"]
[BlackElo "2548"]
[Annotator "Stohl,I"]
[PlyCount "111"]
[EventDate "2004.05.05"]
[EventType "tourn"]
[EventRounds "10"]
[EventCountry "HUN"]
[EventCategory "14"]
[SourceTitle "CBM 102"]
[Source "ChessBase"]
[SourceDate "2004.09.23"]
[SourceVersion "1"]
[SourceVersionDate "2004.09.23"]
[SourceQuality "1"]

1. d4 Nf6 2. c4 g6 3. g3 Bg7 4. Bg2 O-O 5. Nc3 d6 6. Nf3 Nc6 7. h3 a6 8. Be3
Rb8 9. Rc1 $5 {White develops his << first instead of the more usual immediate}
(9. O-O {However, play will almost surely transpose into the same line.}) 9...
Bd7 (9... b5 $5 10. Nd2 (10. d5 Na5 11. cxb5 axb5 12. Nd4 Bd7 13. Qd3 Nc4 14.
Ncxb5 {Lisanti,A-Alber,H/GER-chT2/1998/} Nxe3 15. fxe3 Nh5 $36) (10. b3 Na5
$132) 10... Bd7 (10... Na5 $5 11. b3 Nd7 12. O-O bxc4 13. Nxc4 Nxc4 14. bxc4 c5
{Black has sucesssfully exchanged the troublesome Na5 and solved his opening
problems.} 15. Qd2 Nb6 (15... cxd4 $142 16. Bxd4 Bb7 $11) 16. Nd5 Nxd5 17. cxd5
cxd4 18. Bxd4 Bxd4 19. Qxd4 Qa5 20. Qa7 Rb7 21. Qa8 Rc7 22. Rxc7 Qxc7 23. Qc6
Qa5 {1/2,Stahlberg,G-Uhlmann,W/Moscow olm/1956/} 24. a4 $14 {()}) 11. O-O e6
$142 $1 {[%cal Yc6e7,Ye7f5] /\Ne7~~ Black doesn't have to put his N on a5,
this promises him a good position, as White's set-up is too slow and the Be3
gets in the way.} (11... Na5 12. cxb5 (12. b3 {-see game}) 12... axb5 13. b4
Nc4 14. Nxc4 bxc4 15. b5 $1 $14 {is the theoretical main line.})) 10. O-O b5
11. b3 {A rare move.} (11. Nd2 e6 {-9...b5!?}) 11... bxc4 (11... Na5 12. Nd2 c6
13. cxb5 axb5 14. Nde4 Ne8 15. f4 b4 16. Na4 Nc7 17. Bf2 Bc8 18. Re1 Ba6 19.
Nd2 Bb5 20. e4 e5 21. fxe5 dxe5 $13 {Johannsson,I-Toth,B/Nice olm/1974/}) 12.
bxc4 Na5 13. Nd2 (13. Nd5 Rb2 14. Qd3 Rxa2 15. Nxf6+ Bxf6 16. Bh6 Re8 17. e4
Ra4 18. e5 Bh8 19. Rfe1 Bf5 20. Qe2 c5 21. g4 Bc8 22. dxc5 dxc5 23. Ng5 $44 {
Smejkal,J-Kasimdzhanov,R/Bundesliga 9900/1999/}) 13... Qc8 $146 {[%mdl 8]} (
13... Bc6 14. Bxc6 (14. d5 $142 Bd7 15. c5 $14) 14... Nxc6 15. Qa4 Qd7 16. Kh2
Nb4 17. Qa5 {Stahlberg,G-Pilnik,H/Marianske Lazne/1956/} Nc6 $11 {/\} 18. Qxa6
$2 Ra8 19. Qb5 Ra5 20. Qb3 Rh5 $40) ({Probably the safest alternative is} 13...
c6 $5 {/\Qc7= Atalik , as in the game Black will have problems with a good
place for his Q (shortly it will land on a7).}) (13... h5 14. Rb1 Rxb1 (14...
c6 $142 $11) 15. Qxb1 Qc8 16. Kh2 h4 17. gxh4 Nc6 18. Rg1 Kh8 19. Nf3 Nh5 20.
Ng5 $2 (20. Qc1 $16) 20... Nxd4 21. Nxf7+ Rxf7 22. Qxg6 Be5+ 23. f4 Nxf4 24.
Bxf4 Bxf4+ 25. Kh1 Bc6 26. Nd5 Rg7 27. Qd3 Rg3 28. Qxd4+ e5 {0-1,Andrianov,
N-Atalik,S/Karditsa/1994/}) 14. Kh2 Rb4 15. a3 Rb2 16. Rb1 Qb8 (16... Rxb1 17.
Qxb1 Nc6 18. Rc1 $14) 17. Qc1 Rb6 (17... Rxb1 18. Qxb1 Nc6 (18... c6 19. Qb4 $1
$36) 19. Qa2 $5 $14 (19. Qc2 e5 20. Rb1 Qe8 21. d5 Nd4 $132)) 18. Bg5 Qa7 19.
e3 Rxb1 (19... e6 20. Qc2 Rxb1 21. Rxb1 h6 22. Bxf6 Bxf6 23. c5 $5 $14 (23. Nb3
Nxc4 24. Ne4 Be7 $8 25. Qxc4 d5 26. Qc1 dxe4 27. Bxe4 Rb8 $14 {/<=>})) 20. Qxb1
c5 (20... Rb8 21. Qd3 $14) 21. Bxf6 $1 {The only way to meet the pressure
against White's [+].} (21. d5 $2 Ne8 $1 {[%cal Rf7f6,Rg7c3] /\Bc3,f6} 22. Bxe7
Bf5 23. Bxf8 Bxb1 24. Bxg7 Bd3 $19) 21... exf6 (21... Bxf6 $6 22. Nd5 Rb8 (
22... cxd4 23. Qb4 Nc6 (23... Qc5 24. Ne4 $1 Qxb4 25. axb4 $18) 24. Nxf6+ exf6
(24... Kg7 25. Qa4 $18) 25. Qxd6 $18) 23. Qd3 $5 $36 (23. Nxf6+ exf6 24. Qa1
Nb3 $14 {<=>})) (21... Rb8 22. Qd3 $14) 22. d5 {This safeguards White's [+]
and keeps the Na5 offside, but llimits White's active options as well.} ({
More enterprising was} 22. Nd5 $5 f5 (22... cxd4 23. Qb4 Nc6 24. Qxd6 f5 25. c5
$36) 23. dxc5 Rb8 (23... Qxc5 24. Qb4 $1 $16 {[%cal Gb1b8] <->b}) (23... dxc5
24. Qd3 Nc6 25. Rb1 $14) 24. Qd3 Qxc5 $14 {/<=>}) 22... f5 $11 23. Qc2 Rb8 24.
Bf3 Qc7 25. Be2 h5 26. h4 Qd8 27. Rb1 Rxb1 28. Ncxb1 Qe8 {[%cal Rd7a4] /\Ba4}
29. Bd1 f4 $5 {[%mdl 512] An ambitious, but double-edged sacrificial try to
bring some excitement into the position.} (29... Bf6 30. Kg2 $11) 30. gxf4 (30.
exf4 $2 Bf5 31. Qa4 Qe1 $1 $19 {->}) 30... Qd8 31. Nf3 (31. Kg3 $142 $5 {
/\ could have possibly won a tempo.} Bf6 32. Nf3 Bg4 33. Nbd2 $14) 31... Bf5
32. e4 Bg4 33. Kg3 (33. Nbd2 Qf6 34. Kg3 Bh6 35. Ng5 Qa1 $1 $36) 33... Bh6 (
33... Bf6 34. Nbd2 $14) (33... Bxf3 34. Bxf3 Bf6 35. Kh3 Qd7+ (35... Bxh4 36.
e5 $14) 36. Kg2 Qd8 $132 {/\} 37. Nd2 Bd4 38. Kg3 Bf6 $11) 34. Ng5 (34. Qc3 Bg7
$44 35. e5 $6 dxe5 36. fxe5 Nc6 $1 $36) 34... Bc8 $2 {[%cal Yd8f6] Black is
too ambitious and hopes for more than approximate equality.} (34... Bxd1 35.
Qxd1 Nxc4 36. Qa4 Qc8 $5 (36... Qb8 37. Nc3 (37. Qxc4 Qxb1 38. Qxa6 Qg1+ 39.
Kf3 Qh1+ 40. Ke3 Qe1+ $11) 37... Nd2 38. Qc2 Nc4 $11) 37. f3 $13 (37. f5 Nb6
38. Qa5 Nxd5 $5 39. exd5 Qxf5 $44)) 35. Qc3 {Prevents Qf6 for the time being.
Now White consolidates his extra [+]P and Black has only very nebulous
tactical <=>.} Bg7 36. Qd3 Qd7 $6 (36... Bd4 37. Nd2 Qf6 38. Ndf3 Bb2 $16) ({
Black should have activated his Q with} 36... Qf6 $142 $5 37. Ba4 Nb7 38. Nd2
$14 {/+/- and White faces more technical problems, as he can't open the
position with f5 as in the game.}) 37. Nd2 Nb7 38. Kg2 Qe7 39. f5 $1 Qe5 (39...
gxf5 40. Bxh5 (40. exf5 $5) 40... Nd8 (40... f6 41. Ne6 $1 Bxe6 42. dxe6 Qxe6
43. exf5 $18) 41. exf5 $16 {->}) 40. fxg6 fxg6 41. Qe3 Nd8 42. Ndf3 Qe7 43. Bc2
Nf7 {Now White breaks through and converts his extra material convincingly and
without any meaningful <=>.} ({Slightly more resilient seems} 43... Qd7 $5 44.
Qf4 (44. Nh2 Nf7 45. Ne6 Ne5 $16) 44... Qg4+ 45. Qxg4 (45. Qg3 $5) 45... hxg4 (
45... Bxg4 46. e5 Bxe5 47. Nxe5 dxe5 48. Bxg6 Be2 49. Nf3 Bxc4 50. d6 Bd5 51.
Kg3 $18) 46. Nh2 Bb2 47. a4 Nf7 48. Nxf7 Kxf7 49. Bd1 Bd7 50. a5 $5 $18) 44.
Nxf7 Kxf7 (44... Qxf7 45. e5 $18) 45. e5 $1 $18 Bxe5 (45... dxe5 46. Ng5+ $18 {
[%csl Rc5,Re5,Rg6] ק}) 46. Qh6 Bh3+ 47. Kg1 $1 {[%cal Rf3g5,Rh6g6] /\Ng5,Qg6}
(47. Kxh3 $2 Qd7+ 48. Kg2 Qg4+ 49. Kf1 $8 Qxc4+ 50. Kg2 (50. Ke1 Qc3+ $1 $17)
50... Qg4+ $11 (50... Qxc2 $2 51. Qh7+ Bg7 52. Ng5+ Kf6 53. Qg8 $18)) 47... Bg7
(47... Bf5 48. Bxf5 gxf5 49. Qxh5+ Kg7 50. Qxf5 $18) 48. Qxg6+ Kf8 49. Bf5 Bxf5
$8 50. Qxf5+ Qf7 (50... Qf6 51. Qxh5 $18) (50... Bf6 51. Qxh5 Qe4 52. Qh6+ Kf7
(52... Ke7 53. Qe3 $18) 53. Ng5+ Bxg5 54. Qe6+ $5 Qxe6 55. dxe6+ Kxe6 56. hxg5
$18) 51. Qc8+ (51. Qxf7+ $6 Kxf7 $16) 51... Qe8 (51... Ke7 52. Ng5 Qg6 53. Qxa6
$18) 52. Qxa6 Qd7 53. Kf1 Ke7 (53... Qh3+ 54. Ke2 {[%csl Rd6] ><d6}) 54. Ng5 {
Now any active move by Black's Q allows a Q-swap.} Bf6 (54... Qf5 55. Qb7+ $18)
55. Ne6 Bxh4 (55... Kf7 56. Qb5 Qe7 57. Qb1 $18) 56. Qa8 (56. Qa8 {[%cal Ra8f8]
/\Qf8#} Qe8 57. Qxe8+ Kxe8 58. Ng7+ Kd7 (58... Kf7 59. Nf5 $1 $18) 59. Nxh5 $18
) 1-0

[Event "Quebec op"]
[Site "Montreal"]
[Date "2004.07.22"]
[Round "6"]
[White "Hebert, Jean"]
[Black "Kortschnoj, Viktor Lvovich"]
[Result "0-1"]
[WhiteElo "2412"]
[BlackElo "2568"]
[Annotator "Kortschnoj,V"]
[PlyCount "62"]
[EventDate "2004.07.17"]
[EventType "swiss"]
[EventRounds "9"]
[EventCountry "CAN"]
[SourceTitle "CBM 101 Extra"]
[Source "ChessBase"]
[SourceDate "2004.09.01"]
[SourceVersion "2"]
[SourceVersionDate "2004.09.01"]
[SourceQuality "1"]

1. Nf3 Nf6 2. c4 b6 3. d4 e6 4. e3 Bb4+ {This move is hardly to be recommended,
4...Bb7 5.Bd3 d5 or c5 is an approved continuation.} 5. Bd2 Be7 {Exchange of
pieces on d2 would lead to some white`s advantage in development.} 6. Nc3 Bb7
7. Bd3 d5 8. cxd5 exd5 9. Qa4+ {After 9.b4!? white has had an advantage as
well.} c6 10. Ne5 ({During the game I was more afraid of} 10. g4 {, but now at
the close look variations like} Nxg4 11. Rg1 Qd7 12. h3 Nf6 13. Rxg7 Qxh3 14.
Ne5 (14. Ke2 Bc8) 14... Qh1+ 15. Bf1 Ba6 {do not look too convincing for white.
}) 10... O-O 11. b4 Bd6 {Black has in mind a counter-action. The first threat
is Qe7, attacking e5 and b4.} 12. f4 b5 $1 13. Qb3 a5 14. bxa5 (14. Ne2 Na6 $1
15. bxa5 b4 {would move eventually to the moves transposition.}) 14... b4 15.
Ne2 ({Or} 15. Na4 Qxa5 16. Nc5 Bxc5 17. dxc5 Na6 {- black has a good game.})
15... Na6 16. Rc1 $2 {After this, rather naive move the white king will be
never let in peace.} ({The right move was, of course,} 16. O-O {Then} c5 17.
dxc5 Nxc5 18. Qxb4 Qe7 {leads to a position, where the activity of the black
pieces compensates his material losses.}) 16... c5 $1 17. Bxa6 Bxa6 18. Nc6 (
18. dxc5 Bxe5 19. fxe5 Ne4 {- black has a winning attack.}) 18... Qd7 19. dxc5
Bxe2 {The only move - it prevents an intention of white to consolidate his
position by Nc6-d4!} 20. Kxe2 (20. cxd6 Qg4 $1) 20... Bxf4 21. Qxb4 $6 {
More solid was to come back with the knight into the centre in order to
organize a defence of the white king.} Qxc6 22. Qxf4 {After 22.ef Rfe8 or
d5-d4-both are very strong.} d4 $19 23. exd4 (23. Qf3 {was more stubborn.})
23... Qxg2+ 24. Kd3 Qg6+ 25. Kc4 Ne4 (25... Nd5 {was also tempting. At the
board I saw} 26. Qd6 {as a refuting move, but} Qg2 $1 {was still winning!}) 26.
Bb4 ({The last attempt to complicate the matters was} 26. d5 $5 {Black at that
case had to act energetically:} Nxc5 $1 27. Kxc5 Qd3 {, creating then a mating
net around the too much advanced white monarch.}) 26... Qa6+ 27. Kb3 Qd3+ 28.
Kb2 Rfb8 29. Rhd1 (29. a3 Qxd4+ 30. Kc2 (30. Kb3 Nxc5+ 31. Rxc5 Qxf4) 30...
Rxb4 31. axb4 Qc3+ 32. Kd1 Rd8+ {and so on.}) 29... Rxb4+ 30. Ka1 Qe2 31. Rb1
Nc3 {Bad move - 31...Qa2+ was more convincing. Anyway, white resigned.} 0-1

[Event "Quebec op"]
[Site "Montreal"]
[Date "2004.07.23"]
[Round "7"]
[White "Kortschnoj, Viktor Lvovich"]
[Black "Khassanov, Marat"]
[Result "1-0"]
[WhiteElo "2568"]
[BlackElo "2344"]
[PlyCount "111"]
[EventDate "2004.07.17"]
[EventType "swiss"]
[EventRounds "9"]
[EventCountry "CAN"]
[SourceTitle "CBM 101 Extra"]
[Source "ChessBase"]
[SourceDate "2004.09.01"]
[SourceVersion "2"]
[SourceVersionDate "2004.09.01"]
[SourceQuality "1"]

1. d4 d5 2. c4 c6 3. Nc3 Nf6 4. Nf3 dxc4 5. a4 e5 6. Nxe5 Bb4 7. e3 Be6 8. Be2
c5 9. O-O Nc6 10. Bxc4 Bxc4 11. Nxc4 cxd4 12. exd4 O-O 13. d5 Na5 14. Ne3 Rc8
15. Bd2 Qd7 16. Rc1 Rfd8 17. Ne4 Nxd5 18. Nxd5 Rxc1 19. Bxc1 Qxd5 20. Nf6+ gxf6
21. Qg4+ Kh8 22. Qxb4 Rg8 23. g3 Rb8 24. Bf4 Nc6 25. Qc3 Ne5 26. Bxe5 fxe5 27.
Rc1 Rd8 28. Qc4 Qd6 29. Qg4 h6 30. Qf5 Kg7 31. Rc4 Qd1+ 32. Kg2 Qd5+ 33. Re4
Re8 34. Kh3 Qe6 35. Rg4+ Kf8 36. Qxe6 Rxe6 37. Rb4 b6 38. Kg4 Rf6 39. f4 exf4
40. Rxf4 Rc6 41. b4 Kg7 42. Kf5 Rc2 43. Rg4+ Kf8 44. Rh4 Rc6 45. b5 Rd6 46. Rc4
Rd7 47. Kf6 Rd6+ 48. Ke5 Rd7 49. Rd4 Rc7 50. Kf6 Ke8 51. Rh4 Rd7 52. Rxh6 Rd6+
53. Kg7 Rd5 54. Rh4 Rf5 55. Re4+ Kd7 56. Rf4 1-0

[Event "Quebec blitz"]
[Site "Montreal"]
[Date "2004.07.24"]
[Round "6.1"]
[White "Nataf, Igor Alexandre"]
[Black "Kortschnoj, Viktor Lvovich"]
[Result "0-1"]
[WhiteElo "2553"]
[BlackElo "2568"]
[PlyCount "64"]
[EventDate "2004.07.24"]
[EventType "swiss (blitz)"]
[EventRounds "8"]
[EventCountry "CAN"]
[SourceTitle "CBM 101 Extra"]
[Source "ChessBase"]
[SourceDate "2004.09.01"]
[SourceVersion "2"]
[SourceVersionDate "2004.09.01"]
[SourceQuality "1"]

1. e4 e6 2. d4 d5 3. Nc3 Nf6 4. Bg5 dxe4 5. Nxe4 Nbd7 6. Nf3 Be7 7. Nxf6+ Bxf6
8. h4 c5 9. Bd3 Qa5+ 10. c3 cxd4 11. Bxf6 Nxf6 12. Nxd4 Bd7 13. Qb3 O-O 14.
O-O-O e5 15. Nc2 Rac8 16. Qa3 Qb6 17. f3 Be6 18. Rhe1 Rc5 19. Qb4 Qc7 20. Na3
a5 21. Qa4 g6 22. Kb1 Nd5 23. Rc1 Nf4 24. Bf1 Rb8 25. Ka1 Bd7 26. Bb5 Bxb5 27.
Nxb5 Qc6 28. c4 Nd3 29. Qxa5 Nxc1 30. Rxc1 Rxc4 31. Rb1 Rc5 32. a4 b6 0-1

[Event "Quebec blitz"]
[Site "Montreal"]
[Date "2004.07.24"]
[Round "7.1"]
[White "Kortschnoj, Viktor Lvovich"]
[Black "Mikhalevski, Victor"]
[Result "1-0"]
[WhiteElo "2568"]
[BlackElo "2551"]
[PlyCount "91"]
[EventDate "2004.07.24"]
[EventType "swiss (blitz)"]
[EventRounds "8"]
[EventCountry "CAN"]
[SourceTitle "CBM 101 Extra"]
[Source "ChessBase"]
[SourceDate "2004.09.01"]
[SourceVersion "2"]
[SourceVersionDate "2004.09.01"]
[SourceQuality "1"]

1. Nf3 Nf6 2. b3 d6 3. d4 g6 4. g3 Bg7 5. Bg2 O-O 6. Bb2 Nbd7 7. O-O e5 8. dxe5
Ng4 9. Nc3 Ngxe5 10. Nxe5 dxe5 11. Qd2 c6 12. a4 Nf6 13. Rfd1 Qxd2 14. Rxd2 Bf5
15. a5 Rad8 16. Rad1 Rxd2 17. Rxd2 e4 18. e3 Re8 19. Na4 Nd7 20. Bxg7 Kxg7 21.
Rd4 Kf6 22. Nc3 c5 23. Nxe4+ Ke7 24. Rd2 Bxe4 25. Bxe4 b6 26. Bc6 Rd8 27. Rxd7+
Rxd7 28. Bxd7 Kxd7 29. axb6 axb6 30. Kf1 Ke6 31. Ke2 g5 32. g4 Ke5 33. Kd3 b5
34. c3 Kd5 35. e4+ Ke5 36. Ke3 h6 37. b4 c4 38. h3 f6 39. f4+ Ke6 40. Kf3 Kd6
41. Kg3 Ke7 42. h4 Ke6 43. hxg5 hxg5 44. Kf3 Kf7 45. e5 fxe5 46. fxe5 1-0

[Event "Monarch Assurance 13th"]
[Site "Port Erin"]
[Date "2004.09.25"]
[Round "1"]
[White "Kortschnoj, Viktor Lvovich"]
[Black "Armbruster, Alexander"]
[Result "1-0"]
[WhiteElo "2568"]
[BlackElo "2351"]
[PlyCount "61"]
[EventDate "2004.09.25"]
[EventType "swiss"]
[EventRounds "9"]
[EventCountry "IOM"]
[SourceTitle "CBM 102 Extra"]
[Source "ChessBase"]
[SourceDate "2004.11.03"]
[SourceVersion "1"]
[SourceVersionDate "2004.11.03"]
[SourceQuality "1"]

1. d4 Nf6 2. c4 e6 3. Nc3 Bb4 4. e3 O-O 5. Nge2 c5 6. a3 Bxc3+ 7. Nxc3 b6 8. d5
e5 9. e4 d6 10. Bg5 Nbd7 11. Bd3 a6 12. O-O Re8 13. Kh1 h6 14. Be3 Nf8 15. f3
Ng6 16. Qd2 Bd7 17. b4 Nh7 18. Rab1 Qf6 19. bxc5 bxc5 20. Rb6 Rec8 21. Ne2 Ng5
22. Ng3 Nh4 23. f4 Qd8 24. Rxd6 Qe7 25. Rxd7 Qxd7 26. fxg5 hxg5 27. Bxg5 Ng6
28. Qd1 Rab8 29. Be2 Qb7 30. Bg4 Rf8 31. d6 1-0